[Event "44. Villa de Mislata - Magistral"]
[Site "Mislata ESP"]
[Date "2010.08.16"]
[Round "1.1"]
[White "Arizmendi Martinez, Julen Luis"]
[Black "Camarena Gimenez, Rufino"]
[Result "1-0"]
[WhiteElo "2532"]
[BlackElo "2407"]
[PlyCount "53"]
[EventDate "2010.08.16"]
[EventType "tourn"]
[EventRounds "9"]
[EventCountry "ESP"]
[EventCategory "8"]
[Source "lmi"]
[SourceDate "2010.08.16"]

1. d4 Nf6 2. c4 e6 3. Nc3 c5 4. d5 exd5 5. cxd5 d6 6. Nf3 g6 7. Bf4 a6 8. a4
Qe7 9. h3 Bg7 10. Nd2 Nh5 11. Bh2 Nd7 12. g4 Nhf6 13. Nc4 Ne5 14. Nxe5 dxe5 15.
d6 Qe6 16. g5 Nd7 17. Nd5 Qxd6 18. Qd2 Nb6 19. Nf6+ Ke7 20. Qc3 Nd5 21. Nxd5+
Qxd5 22. Rd1 Qc6 23. Bxe5 f6 24. gxf6+ Bxf6 25. Rd6 Qxh1 26. Qxc5 Bxh3 27.
Bxf6+ 1-0

[Event "44. Villa de Mislata - Magistral"]
[Site "Mislata ESP"]
[Date "2010.08.16"]
[Round "1.3"]
[White "Doncea, Vladimir"]
[Black "Pardo Simon, David"]
[Result "1/2-1/2"]
[WhiteElo "2474"]
[BlackElo "2354"]
[PlyCount "98"]
[EventDate "2010.08.16"]
[EventType "tourn"]
[EventRounds "9"]
[EventCountry "ESP"]
[EventCategory "8"]
[Source "lmi"]
[SourceDate "2010.08.16"]

1. d4 Nf6 2. c4 e6 3. g3 c5 4. d5 exd5 5. cxd5 d6 6. Nc3 g6 7. Bg2 Bg7 8. Nf3
O-O 9. O-O Re8 10. Bf4 Na6 11. Re1 Bg4 12. e4 Nd7 13. h3 Bxf3 14. Bxf3 Ne5 15.
Be2 Nc7 16. a4 b6 17. Qd2 a6 18. Bh6 Bf8 19. Kg2 f6 20. Be3 Qd7 21. f4 Nf7 22.
Bg4 Qe7 23. Bf2 b5 24. a5 Bg7 25. Rad1 b4 26. Na4 Rad8 27. Nb6 h5 28. Bf3 Bh6
29. Qc2 Kg7 30. Nc4 Nb5 31. h4 Qc7 32. Nb6 Re7 33. Be2 Rde8 34. Bd3 Rf8 35. Re2
Rfe8 36. Rde1 Kh8 37. Kh2 g5 38. e5 gxf4 39. exf6 Rxe2 40. Rxe2 Ne5 41. Rxe5
Rxe5 42. Bxb5 axb5 43. Qg6 fxg3+ 44. Bxg3 Re2+ 45. Kh3 Qh7 46. Qxh5 Re3 47. Qg4
Qb1 48. Qc8+ Kh7 49. Qd7+ Kh8 1/2-1/2

[Event "44. Villa de Mislata - Magistral"]
[Site "Mislata ESP"]
[Date "2010.08.16"]
[Round "1.4"]
[White "Cabrera, Alexis"]
[Black "Dolezal, Cristian"]
[Result "1-0"]
[WhiteElo "2533"]
[BlackElo "2412"]
[PlyCount "89"]
[EventDate "2010.08.16"]
[EventType "tourn"]
[EventRounds "9"]
[EventCountry "ESP"]
[EventCategory "8"]
[Source "lmi"]
[SourceDate "2010.08.16"]

1. d4 g6 2. c4 Bg7 3. Nf3 c5 4. d5 d6 5. g3 e5 6. Nc3 Na6 7. Bg2 Nh6 8. O-O O-O
9. e4 f6 10. a3 Nf7 11. Ne1 Bd7 12. Nd3 b6 13. Bd2 Nc7 14. b4 Qe7 15. Qc2 Rfc8
16. f4 Ne8 17. Qb3 Nd8 18. bxc5 bxc5 19. Rab1 Nf7 20. Qb7 Nc7 21. Qb3 Qd8 22.
Qc2 Rab8 23. Rbe1 Qe7 24. Bf3 Rb6 25. Kg2 Ra6 26. Bc1 Na8 27. h4 Nb6 28. Nd1
Ra4 29. Ne3 exf4 30. gxf4 Re8 31. h5 g5 32. Nf5 Qf8 33. fxg5 Bxf5 34. exf5 Rxc4
35. Qb3 fxg5 36. Re6 Rc3 37. Qb5 Rxe6 38. fxe6 Rc2+ 39. Kh1 Ne5 40. Nxe5 Bxe5
41. Be4 Rf2 42. Rxf2 Qxf2 43. Qe8+ Kg7 44. Qe7+ Kg8 45. Qxh7+ 1-0

[Event "44. Villa de Mislata - Magistral"]
[Site "Mislata ESP"]
[Date "2010.08.16"]
[Round "1.5"]
[White "Garcia Roman, Daniel"]
[Black "Vassallo Barroche, Mauricio"]
[Result "1-0"]
[WhiteElo "2411"]
[BlackElo "2432"]
[PlyCount "49"]
[EventDate "2010.08.16"]
[EventType "tourn"]
[EventRounds "9"]
[EventCountry "ESP"]
[EventCategory "8"]
[Source "lmi"]
[SourceDate "2010.08.16"]

1. d4 Nf6 2. c4 d6 3. Nc3 e5 4. Nf3 exd4 5. Nxd4 g6 6. e4 Bg7 7. Be2 O-O 8. O-O
Re8 9. f3 c6 10. Kh1 a6 11. Nc2 Be6 12. Bg5 h6 13. Bh4 g5 14. Bf2 b5 15. Nd4 b4
16. Na4 Nfd7 17. Nxe6 Rxe6 18. c5 dxc5 19. Nxc5 Re8 20. Nb7 Qf6 21. Nd6 Rd8 22.
Nf5 Ne5 23. Qb3 Rd2 24. Qxb4 Rxe2 25. Qb7 1-0

[Event "44. Villa de Mislata - Magistral"]
[Site "Mislata ESP"]
[Date "2010.08.17"]
[Round "2.2"]
[White "Dolezal, Cristian"]
[Black "Garcia Roman, Daniel"]
[Result "1/2-1/2"]
[WhiteElo "2412"]
[BlackElo "2411"]
[PlyCount "76"]
[EventDate "2010.08.16"]
[EventType "tourn"]
[EventRounds "9"]
[EventCountry "ESP"]
[EventCategory "8"]
[Source "lmi"]
[SourceDate "2010.08.16"]

1. e4 c5 2. d3 Nc6 3. g3 g6 4. Bg2 Bg7 5. c3 d6 6. Nd2 e5 7. a3 Nge7 8. b4 O-O
9. Ngf3 h6 10. Bb2 Be6 11. O-O a6 12. Rb1 Qc7 13. d4 cxd4 14. cxd4 exd4 15. Nb3
Bc4 16. Re1 d5 17. Nbxd4 dxe4 18. Rxe4 Rad8 19. Qc2 Bd5 20. Ree1 Rfe8 21. Rbd1
Qb6 22. Nxc6 Bxc6 23. Bxg7 Kxg7 24. Qc3+ Kg8 25. Rxd8 Qxd8 26. Qf6 Nf5 27.
Rxe8+ Qxe8 28. Ne5 Bxg2 29. Kxg2 h5 30. h3 Nd4 31. a4 Nc6 32. Nxc6 bxc6 33. Qd4
Qe6 34. Qd3 Qc8 35. Qc4 Qb7 36. Qc5 Qa8 37. Kf1 Qc8 38. h4 Qe6 1/2-1/2

[Event "44. Villa de Mislata - Magistral"]
[Site "Mislata ESP"]
[Date "2010.08.17"]
[Round "2.3"]
[White "Pardo Simon, David"]
[Black "Cabrera, Alexis"]
[Result "1-0"]
[WhiteElo "2354"]
[BlackElo "2533"]
[PlyCount "83"]
[EventDate "2010.08.16"]
[EventType "tourn"]
[EventRounds "9"]
[EventCountry "ESP"]
[EventCategory "8"]
[Source "lmi"]
[SourceDate "2010.08.16"]

1. e4 c5 2. Nf3 d6 3. d4 cxd4 4. Nxd4 Nf6 5. Nc3 a6 6. Bg5 e6 7. f4 Qb6 8. Nb3
Nbd7 9. Qf3 Qc7 10. O-O-O b5 11. Bd3 Bb7 12. Kb1 Be7 13. Rhe1 b4 14. Ne2 e5 15.
Ng3 g6 16. f5 a5 17. Nd2 a4 18. Bc4 Ra5 19. Rf1 Rc5 20. Qe2 O-O 21. Be3 Rc6 22.
fxg6 hxg6 23. h4 Rc8 24. b3 Ba6 25. Bxa6 Rxa6 26. Qxa6 Qxc2+ 27. Ka1 a3 28.
Qxc8+ Qxc8 29. Nc4 Qc6 30. Bg5 Kf8 31. h5 gxh5 32. Nf5 Bd8 33. Nfxd6 Kg7 34.
Bh4 Kg6 35. Nxf7 Qxe4 36. Bxf6 Bxf6 37. Rxd7 Qe2 38. Rfd1 e4+ 39. Nfe5+ Kf5 40.
R7d2 Bxe5+ 41. Kb1 Qg4 42. Ne3+ 1-0

[Event "44. Villa de Mislata - Magistral"]
[Site "Mislata ESP"]
[Date "2010.08.17"]
[Round "2.4"]
[White "Galego, Luis"]
[Black "Doncea, Vladimir"]
[Result "1-0"]
[WhiteElo "2498"]
[BlackElo "2474"]
[PlyCount "90"]
[EventDate "2010.08.16"]
[EventType "tourn"]
[EventRounds "9"]
[EventCountry "ESP"]
[EventCategory "8"]
[Source "lmi"]
[SourceDate "2010.08.16"]

1. e4 c5 2. Nf3 e6 3. g3 Nc6 4. Bg2 g5 5. h3 Bg7 6. c3 h6 7. d3 Nge7 8. Be3 Qb6
9. Qc1 d5 10. O-O d4 11. Bd2 e5 12. Na3 Be6 13. cxd4 cxd4 14. Nc4 Qc7 15. a4 a5
16. Ne1 O-O 17. f4 f6 18. f5 Bf7 19. b3 Kh7 20. Nc2 b6 21. N2a3 Na7 22. b4 axb4
23. Bxb4 Rfc8 24. Qb2 Nac6 25. Bd6 Qd7 26. Qxb6 Nd8 27. Rfc1 Rc6 28. Qb4 Nc8
29. Nb5 Nxd6 30. Nbxd6 Bf8 31. Qb1 Bxd6 32. Nb6 Rxb6 33. Qxb6 Kg7 34. a5 Ra7
35. a6 Be8 36. Rab1 Ra8 37. Bf1 Rb8 38. Qa5 Nc6 39. Qa4 Nb4 40. Qxd7+ Bxd7 41.
a7 Ra8 42. Rxb4 Bxb4 43. Rc7 Bc5 44. Rxd7+ Kf8 45. Rd5 Bxa7 1-0

[Event "44. Villa de Mislata - Magistral"]
[Site "Mislata ESP"]
[Date "2010.08.17"]
[Round "3.1"]
[White "Matnadze, Ana"]
[Black "Camarena Gimenez, Rufino"]
[Result "1/2-1/2"]
[WhiteElo "2422"]
[BlackElo "2407"]
[PlyCount "103"]
[EventDate "2010.08.16"]
[EventType "tourn"]
[EventRounds "9"]
[EventCountry "ESP"]
[EventCategory "8"]
[Source "lmi"]
[SourceDate "2010.08.16"]

1. d4 d5 2. Nf3 Nf6 3. g3 c6 4. Bg2 Bf5 5. O-O h6 6. c4 e6 7. Nc3 Nbd7 8. Qb3
Qb6 9. c5 Qxb3 10. axb3 a6 11. b4 Rc8 12. Bf4 g5 13. Be5 Rg8 14. h3 Be7 15. g4
Bh7 16. Bxf6 Bxf6 17. Rfe1 Kd8 18. e4 dxe4 19. Nxe4 Bxe4 20. Rxe4 Kc7 21. Ne5
Rg7 22. Rf1 Rd8 23. f4 Bxe5 24. dxe5 gxf4 25. Rfxf4 Nf8 26. Rf2 Ng6 27. Kh2 Rd3
28. Bf3 Kd8 29. Kg3 h5 30. g5 h4+ 31. Kh2 Ke7 32. Bh5 Rg3 33. Bxg6 Rxg6 34.
Rxh4 R3xg5 35. Rhf4 Rg7 36. Re2 Rf5 37. Rd4 Rgg5 38. Rde4 Rf3 39. h4 Rgg3 40.
Rd2 Rh3+ 41. Kg2 Rfg3+ 42. Kf2 Rb3 43. Kg2 Rhe3 44. Red4 Rxe5 45. Rd7+ Kf6 46.
Rxb7 Rxc5 47. Rxf7+ Kxf7 48. bxc5 Kg6 49. Rd6 Rxb2+ 50. Kf3 Kf5 51. Rxc6 Rb3+
52. Ke2 1/2-1/2

[Event "44. Villa de Mislata - Magistral"]
[Site "Mislata ESP"]
[Date "2010.08.17"]
[Round "3.4"]
[White "Garcia Roman, Daniel"]
[Black "Pardo Simon, David"]
[Result "1/2-1/2"]
[WhiteElo "2411"]
[BlackElo "2354"]
[PlyCount "97"]
[EventDate "2010.08.16"]
[EventType "tourn"]
[EventRounds "9"]
[EventCountry "ESP"]
[EventCategory "8"]
[Source "lmi"]
[SourceDate "2010.08.16"]

1. Nf3 Nf6 2. c4 b6 3. d4 e6 4. Nc3 Bb4 5. Bg5 h6 6. Bh4 Bxc3+ 7. bxc3 Bb7 8.
e3 d6 9. Nd2 Nbd7 10. f3 O-O 11. Bd3 Qe7 12. e4 e5 13. Nf1 d5 14. cxd5 exd4 15.
Ng3 dxc3 16. Nf5 Qc5 17. Bf2 Qa3 18. O-O c6 19. dxc6 Bxc6 20. Qc1 Qxc1 21.
Rfxc1 Ne5 22. Bf1 Bd7 23. Nd6 Ne8 24. Bg3 Nxd6 25. Bxe5 Nb7 26. Rxc3 Be6 27. a3
Rfd8 28. Bf4 Nc5 29. Rb1 f5 30. exf5 Bxf5 31. Re1 Bd3 32. Re7 Kf8 33. Re5 Bxf1
34. Kxf1 Rd1+ 35. Kf2 Rad8 36. Rf5+ Kg8 37. Be3 R8d3 38. Rxd3 Rxd3 39. Bxc5
bxc5 40. Rxc5 Rxa3 41. Rc7 Ra2+ 42. Kg3 a5 43. Ra7 Kh7 44. h4 h5 45. Ra6 g6 46.
Ra7+ Kh6 47. Kh3 Ra3 48. Kg3 Ra2 49. Kh3 1/2-1/2

[Event "44. Villa de Mislata - Magistral"]
[Site "Mislata ESP"]
[Date "2010.08.17"]
[Round "3.5"]
[White "Vassallo Barroche, Mauricio"]
[Black "Dolezal, Cristian"]
[Result "1/2-1/2"]
[WhiteElo "2432"]
[BlackElo "2412"]
[PlyCount "98"]
[EventDate "2010.08.16"]
[EventType "tourn"]
[EventRounds "9"]
[EventCountry "ESP"]
[EventCategory "8"]
[Source "lmi"]
[SourceDate "2010.08.16"]

1. d4 g6 2. g3 d5 3. Bg2 Bg7 4. Nf3 Nh6 5. c4 dxc4 6. Qa4+ c6 7. Qxc4 Nf5 8. e3
b6 9. Nbd2 O-O 10. Qc2 Ba6 11. Nc4 Nd7 12. O-O c5 13. d5 b5 14. Ncd2 Rc8 15. e4
Nd4 16. Qd1 b4 17. Re1 Qb6 18. Nxd4 cxd4 19. Nb3 Nc5 20. Nxc5 Rxc5 21. Bg5 Rfc8
22. Bf1 Bxf1 23. Rxf1 Kf8 24. Qb3 a5 25. Rac1 h6 26. Bf4 g5 27. Bd2 Qb5 28.
Rxc5 Rxc5 29. a3 bxa3 30. Qxa3 d3 31. b3 Bd4 32. Qa4 Qxa4 33. bxa4 Rc4 34. Bxa5
Rxa4 35. Bd2 f6 36. Rd1 h5 37. h3 Kf7 38. Kg2 g4 39. hxg4 hxg4 40. Be3 Bxe3 41.
fxe3 Rxe4 42. Rxd3 Ke8 43. d6 Ra4 44. Kf2 Ra2+ 45. Kf1 Kd7 46. dxe7+ Kxe7 47.
Rd4 f5 48. e4 Ke6 49. exf5+ Kxf5 1/2-1/2

[Event "44. Villa de Mislata - Magistral"]
[Site "Mislata ESP"]
[Date "2010.08.18"]
[Round "4.1"]
[White "Camarena Gimenez, Rufino"]
[Black "Dolezal, Cristian"]
[Result "1/2-1/2"]
[WhiteElo "2407"]
[BlackElo "2412"]
[PlyCount "59"]
[EventDate "2010.08.16"]
[EventType "tourn"]
[EventRounds "9"]
[EventCountry "ESP"]
[EventCategory "8"]
[Source "lmi"]
[SourceDate "2010.08.16"]

1. d4 g6 2. c4 Bg7 3. e4 c5 4. d5 d6 5. Nf3 Nd7 6. Nc3 Bxc3+ 7. bxc3 Qa5 8. Bd2
Ngf6 9. Bd3 h6 10. O-O g5 11. e5 Nxe5 12. Nxe5 dxe5 13. Re1 Qc7 14. Qe2 Bg4 15.
Qxe5 Qxe5 16. Rxe5 Nd7 17. Re3 e5 18. Rb1 O-O-O 19. f3 Bh5 20. g4 Bg6 21. Bxg6
fxg6 22. Be1 Rde8 23. Bg3 Rhf8 24. Kg2 Rf6 25. Rbe1 Ra6 26. R1e2 Ra4 27. Re4
Ra3 28. R4e3 Ra4 29. Re4 Ra3 30. R4e3 1/2-1/2

[Event "44. Villa de Mislata - Magistral"]
[Site "Mislata ESP"]
[Date "2010.08.18"]
[Round "4.3"]
[White "Galego, Luis"]
[Black "Garcia Roman, Daniel"]
[Result "1-0"]
[WhiteElo "2498"]
[BlackElo "2411"]
[PlyCount "109"]
[EventDate "2010.08.16"]
[EventType "tourn"]
[EventRounds "9"]
[EventCountry "ESP"]
[EventCategory "8"]
[Source "lmi"]
[SourceDate "2010.08.16"]

1. e4 c5 2. Nf3 d6 3. g3 Nc6 4. Bg2 Nf6 5. d3 g6 6. O-O Bg7 7. Nc3 Bg4 8. h3
Bxf3 9. Qxf3 e6 10. Qd1 O-O 11. f4 Nd7 12. Ne2 b5 13. c3 b4 14. e5 Qb6 15. exd6
Rad8 16. Be3 Nf6 17. Rc1 bxc3 18. Nxc3 Nd4 19. Na4 Qxd6 20. Nxc5 Nd5 21. Bf2
Rc8 22. Nb3 Rxc1 23. Nxc1 Rc8 24. Ne2 Nb6 25. Nxd4 Bxd4 26. Qe2 h5 27. Bxd4
Qxd4+ 28. Kh2 Rd8 29. Be4 Na4 30. b3 Nc3 31. Qg2 a5 32. Re1 a4 33. bxa4 Qxa4
34. Rc1 Qa3 35. Rc2 Rd4 36. Qf2 Ra4 37. Qe1 Nxe4 38. dxe4 Qf3 39. Qa1 Kh7 40.
Qf6 Ra7 41. e5 Qd3 42. Rg2 Qd5 43. a4 Qd7 44. g4 hxg4 45. Rxg4 Qd2+ 46. Rg2 Qd7
47. h4 Qd1 48. a5 Kg8 49. Rb2 Ra8 50. a6 Qd4 51. Rg2 Qd1 52. f5 exf5 53. e6
Qd6+ 54. Kh3 Qxe6 55. Rxg6+ 1-0

[Event "44. Villa de Mislata - Magistral"]
[Site "Mislata ESP"]
[Date "2010.08.18"]
[Round "4.4"]
[White "Arizmendi Martinez, Julen Luis"]
[Black "Cabrera, Alexis"]
[Result "1/2-1/2"]
[WhiteElo "2532"]
[BlackElo "2533"]
[PlyCount "43"]
[EventDate "2010.08.16"]
[EventType "tourn"]
[EventRounds "9"]
[EventCountry "ESP"]
[EventCategory "8"]
[Source "lmi"]
[SourceDate "2010.08.16"]

1. d4 Nf6 2. c4 c5 3. d5 b5 4. cxb5 a6 5. bxa6 Bxa6 6. g3 g6 7. b3 Bg7 8. Bb2
O-O 9. Bg2 Bb7 10. e4 e6 11. Ne2 exd5 12. exd5 Na6 13. O-O Nb4 14. a3 Bxd5 15.
axb4 Bxg2 16. Kxg2 Rxa1 17. Bxa1 Qa8+ 18. Kg1 Qxa1 19. bxc5 Qa5 20. Qd4 Rb8 21.
Nd2 Ne4 22. Qxe4 1/2-1/2

[Event "44. Villa de Mislata - Magistral"]
[Site "Mislata ESP"]
[Date "2010.08.18"]
[Round "4.5"]
[White "Matnadze, Ana"]
[Black "Doncea, Vladimir"]
[Result "1/2-1/2"]
[WhiteElo "2422"]
[BlackElo "2474"]
[PlyCount "103"]
[EventDate "2010.08.16"]
[EventType "tourn"]
[EventRounds "9"]
[EventCountry "ESP"]
[EventCategory "8"]
[Source "lmi"]
[SourceDate "2010.08.16"]

1. d4 d5 2. Nf3 Nf6 3. g3 Bf5 4. Bg2 c6 5. O-O e6 6. c4 Nbd7 7. Nc3 dxc4 8. a4
a5 9. Nh4 Bg4 10. h3 Bh5 11. f4 Nd5 12. Nf3 Bg6 13. Nh4 Bh5 14. f5 Be7 15. fxe6
fxe6 16. g4 Bxg4 17. hxg4 Bxh4 18. e4 Nxc3 19. bxc3 Bg5 20. Rb1 Rb8 21. Qe2
Bxc1 22. Rbxc1 Qg5 23. Qxc4 Qxg4 24. Kh2 Rf8 25. Bh3 Qxe4 26. Rce1 Qd5 27. Qxd5
cxd5 28. Rxe6+ Kd8 29. Rxf8+ Nxf8 30. Rd6+ Kc7 31. Rxd5 b6 32. Rf5 Kd6 33. c4
Re8 34. Rb5 Re2+ 35. Kg1 Kc7 36. c5 bxc5 37. Rxc5+ Kd6 38. Rxa5 Rd2 39. Ra8 Ke7
40. a5 Rxd4 41. a6 Ra4 42. a7 Ra2 43. Bg2 Ne6 44. Bd5 Ra1+ 45. Kf2 Nc7 46. Rg8
Rxa7 47. Rxg7+ Kd6 48. Bg8 h5 49. Rh7 Ra5 50. Rh6+ Ke7 51. Rh7+ Kd6 52. Rh6+
1/2-1/2

[Event "44. Villa de Mislata - Magistral"]
[Site "Mislata ESP"]
[Date "2010.08.19"]
[Round "5.2"]
[White "Cabrera, Alexis"]
[Black "Matnadze, Ana"]
[Result "1-0"]
[WhiteElo "2533"]
[BlackElo "2422"]
[PlyCount "41"]
[EventDate "2010.08.16"]
[EventType "tourn"]
[EventRounds "9"]
[EventCountry "ESP"]
[EventCategory "8"]
[Source "lmi"]
[SourceDate "2010.08.16"]

1. c4 Nf6 2. Nc3 e6 3. Nf3 b6 4. g3 Bb7 5. Bg2 Be7 6. d4 O-O 7. d5 Bb4 8. O-O
Bxc3 9. bxc3 d6 10. Nh4 e5 11. f4 e4 12. Nf5 Nbd7 13. Be3 a5 14. Bd4 h5 15. Qe1
Ba6 16. g4 hxg4 17. Qh4 Bxc4 18. Nxg7 Nh7 19. Qh6 Ndf6 20. Nf5 Ne8 21. Qg6+ 1-0

[Event "44. Villa de Mislata - Magistral"]
[Site "Mislata ESP"]
[Date "2010.08.19"]
[Round "5.5"]
[White "Dolezal, Cristian"]
[Black "Pardo Simon, David"]
[Result "0-1"]
[WhiteElo "2412"]
[BlackElo "2354"]
[PlyCount "86"]
[EventDate "2010.08.16"]
[EventType "tourn"]
[EventRounds "9"]
[EventCountry "ESP"]
[EventCategory "8"]
[Source "lmi"]
[SourceDate "2010.08.16"]

1. e4 c5 2. Nf3 e6 3. d3 d5 4. Nbd2 Nc6 5. g3 Bd6 6. Bg2 Nge7 7. O-O O-O 8. Nh4
b6 9. f4 f5 10. exd5 exd5 11. Re1 Bb7 12. Ndf3 Rf6 13. c3 Rc8 14. a3 a5 15. d4
cxd4 16. cxd4 b5 17. Be3 a4 18. Ne5 Na5 19. Rc1 Rxc1 20. Bxc1 Bc7 21. Nd3 Bb6
22. Nf3 Nb3 23. Be3 Rc6 24. Nc5 Bxc5 25. dxc5 h6 26. Nd4 Nxd4 27. Bxd4 Rc7 28.
Bc3 d4 29. Ba5 Bxg2 30. Bxc7 Qxc7 31. Kxg2 Qxc5 32. Re5 Nd5 33. Kh3 Qc4 34.
Re8+ Kh7 35. Rd8 Ne3 36. Qf3 Ng4 37. Qd5 Qf1+ 38. Kh4 g5+ 39. fxg5 hxg5+ 40.
Kxg5 Qc1+ 41. Kxf5 Ne3+ 42. Ke4 Nxd5 43. Rd7+ Kg6 0-1

[Event "44. Villa de Mislata - Magistral"]
[Site "Mislata ESP"]
[Date "2010.08.19"]
[Round "6.1"]
[White "Camarena Gimenez, Rufino"]
[Black "Pardo Simon, David"]
[Result "1-0"]
[WhiteElo "2407"]
[BlackElo "2354"]
[PlyCount "49"]
[EventDate "2010.08.16"]
[EventType "tourn"]
[EventRounds "9"]
[EventCountry "ESP"]
[EventCategory "8"]
[Source "lmi"]
[SourceDate "2010.08.16"]

1. d4 Nf6 2. c4 e6 3. Nc3 Bb4 4. e3 b6 5. Nge2 Ba6 6. a3 Bxc3+ 7. Nxc3 d5 8. b3
O-O 9. Bd3 c5 10. O-O Nc6 11. dxc5 dxc4 12. Be2 bxc5 13. bxc4 Qxd1 14. Rxd1
Rfd8 15. Bd2 Na5 16. Nb5 Nb3 17. Ra2 Bxb5 18. cxb5 Ne4 19. Be1 c4 20. Rxd8+
Rxd8 21. Rc2 c3 22. f3 Na1 23. Ra2 Nd2 24. Rxa1 Nb3 25. Rd1 1-0

[Event "44. Villa de Mislata - Magistral"]
[Site "Mislata ESP"]
[Date "2010.08.19"]
[Round "6.2"]
[White "Galego, Luis"]
[Black "Dolezal, Cristian"]
[Result "1-0"]
[WhiteElo "2498"]
[BlackElo "2412"]
[PlyCount "143"]
[EventDate "2010.08.16"]
[EventType "tourn"]
[EventRounds "9"]
[EventCountry "ESP"]
[EventCategory "8"]
[Source "lmi"]
[SourceDate "2010.08.16"]

1. d4 g6 2. e4 Bg7 3. Nf3 d6 4. c3 Nd7 5. Bg5 h6 6. Be3 e6 7. Bd3 Ne7 8. Na3 b6
9. Nc2 Bb7 10. Qe2 d5 11. exd5 Nxd5 12. Bd2 Qf6 13. Be4 c6 14. O-O-O O-O-O 15.
g3 Rde8 16. c4 e5 17. cxd5 cxd5 18. dxe5 Nxe5 19. Nxe5 Rxe5 20. Bc3 dxe4 21.
Kb1 Kb8 22. Ne3 Qe6 23. Bxe5+ Qxe5 24. Rd2 Rc8 25. Rc1 Rxc1+ 26. Kxc1 Bc8 27.
Qc4 Be6 28. Qa4 Bf6 29. Kb1 b5 30. Qa6 Qc5 31. Rc2 Qb6 32. Qa3 Qd4 33. Qa5 Qd7
34. Rd2 Qc6 35. Qb4 a6 36. Rc2 Qd7 37. Qxe4 g5 38. Qb4 Be7 39. Qc3 Kb7 40. Rd2
Qc6 41. Qe5 Bf6 42. Qd6 Qxd6 43. Rxd6 Be5 44. Rd8 Kc7 45. Re8 a5 46. b3 Bd4 47.
Kc2 a4 48. bxa4 bxa4 49. Ra8 Bd7 50. Kd3 Be5 51. Kc4 Bd6 52. Ra7+ Kd8 53. Nd5
Be6 54. Rxa4 Kd7 55. Kd4 Bf8 56. Ra5 Bg7+ 57. Kd3 Kc6 58. Ne3 Kb6 59. Ra8 h5
60. Ke4 Bc3 61. Nd5+ Kb7 62. Nxc3 Kxa8 63. Ke5 h4 64. a3 Ka7 65. Ne4 hxg3 66.
fxg3 g4 67. Ng5 Bb3 68. Kf6 Kb6 69. Nxf7 Kc5 70. Ne5 Kd4 71. Nxg4 Ke4 72. Ne5
1-0

[Event "44. Villa de Mislata - Magistral"]
[Site "Mislata ESP"]
[Date "2010.08.19"]
[Round "6.4"]
[White "Matnadze, Ana"]
[Black "Garcia Roman, Daniel"]
[Result "0-1"]
[WhiteElo "2422"]
[BlackElo "2411"]
[PlyCount "112"]
[EventDate "2010.08.16"]
[EventType "tourn"]
[EventRounds "9"]
[EventCountry "ESP"]
[EventCategory "8"]
[Source "lmi"]
[SourceDate "2010.08.16"]

1. d4 Nf6 2. Nf3 e6 3. c4 d5 4. g3 dxc4 5. Bg2 Nc6 6. O-O Rb8 7. Nc3 b5 8. Ne5
Nxe5 9. dxe5 Nd7 10. a4 b4 11. Nb5 Bc5 12. Bf4 g5 13. Be3 Bxe3 14. fxe3 Nxe5
15. Qd4 Qxd4 16. exd4 Ng4 17. Nxa7 Bd7 18. Nc6 Rb6 19. Na5 Ne3 20. Rfc1 c3 21.
bxc3 b3 22. Rcb1 Nc2 23. Nc4 Rb8 24. Nb2 Nxa1 25. Rxa1 Ke7 26. Kf2 Rhc8 27. a5
c5 28. d5 exd5 29. Bxd5 Bc6 30. Bc4 Rc7 31. Ke3 Ra7 32. Ra3 Bd7 33. Kd3 Bb5 34.
a6 Bxc4+ 35. Kxc4 Rb6 36. Ra1 Raxa6 37. Rd1 Rd6 38. Rb1 Rd2 39. Kxc5 Rxe2 40.
Nc4 b2 41. Nxb2 Rxh2 42. Nd3 Rg2 43. Nb4 Re6 44. Nc6+ Rxc6+ 45. Kxc6 Rxg3 46.
Rc1 h5 47. c4 h4 48. c5 g4 49. Kb7 Rb3+ 50. Kc8 h3 51. c6 h2 52. c7 Rh3 53. Kb7
Rh8 54. Re1+ Kf6 55. Rd1 g3 56. Rh1 Kg5 0-1

[Event "44. Villa de Mislata - Magistral"]
[Site "Mislata ESP"]
[Date "2010.08.19"]
[Round "6.5"]
[White "Doncea, Vladimir"]
[Black "Cabrera, Alexis"]
[Result "1/2-1/2"]
[WhiteElo "2474"]
[BlackElo "2533"]
[PlyCount "27"]
[EventDate "2010.08.16"]
[EventType "tourn"]
[EventRounds "9"]
[EventCountry "ESP"]
[EventCategory "8"]
[Source "lmi"]
[SourceDate "2010.08.16"]

1. d4 Nf6 2. Nf3 d5 3. c4 c6 4. cxd5 cxd5 5. Nc3 Nc6 6. Bf4 a6 7. e3 Bf5 8. Bd3
Bxd3 9. Qxd3 e6 10. O-O Bd6 11. Bxd6 Qxd6 12. Rfc1 O-O 13. h3 Rfc8 14. a3
1/2-1/2

[Event "44. Villa de Mislata - Magistral"]
[Site "Mislata ESP"]
[Date "2010.08.20"]
[Round "7.1"]
[White "Cabrera, Alexis"]
[Black "Camarena Gimenez, Rufino"]
[Result "1-0"]
[WhiteElo "2533"]
[BlackElo "2407"]
[PlyCount "89"]
[EventDate "2010.08.16"]
[EventType "tourn"]
[EventRounds "9"]
[EventCountry "ESP"]
[EventCategory "8"]
[Source "lmi"]
[SourceDate "2010.08.16"]

1. e4 e6 2. d4 d5 3. e5 c5 4. c3 Nc6 5. Nf3 Bd7 6. Be2 Nh6 7. Na3 cxd4 8. cxd4
Bb4+ 9. Kf1 Nf5 10. Nc2 Be7 11. g3 O-O 12. h4 Rc8 13. h5 f6 14. g4 Nh6 15. exf6
Rxf6 16. g5 Rxf3 17. Bxf3 Bxg5 18. Rg1 Bxc1 19. Rxc1 Qf6 20. Be2 Qf4 21. Ne1
Rf8 22. Nd3 Qxd4 23. Rg2 e5 24. Kg1 Bh3 25. Rh2 Bc8 26. Nc5 b6 27. Ne6 Bxe6 28.
Rxc6 Qxd1+ 29. Bxd1 Kf7 30. Bb3 Nf5 31. Rc7+ Kf6 32. Rxa7 Nd4 33. Kg2 Rc8 34.
h6 g5 35. Rxh7 Bf5 36. Rb7 Be4+ 37. Kg3 Ne2+ 38. Kg4 Bf5+ 39. Kf3 Nd4+ 40. Ke3
Nxb3 41. Rxb6+ Kf7 42. Rxb3 Rc2 43. h7 g4 44. Rb7+ Kg6 45. Rh6+ 1-0

[Event "44. Villa de Mislata - Magistral"]
[Site "Mislata ESP"]
[Date "2010.08.20"]
[Round "7.2"]
[White "Garcia Roman, Daniel"]
[Black "Doncea, Vladimir"]
[Result "1-0"]
[WhiteElo "2411"]
[BlackElo "2474"]
[PlyCount "59"]
[EventDate "2010.08.16"]
[EventType "tourn"]
[EventRounds "9"]
[EventCountry "ESP"]
[EventCategory "8"]
[Source "lmi"]
[SourceDate "2010.08.16"]

1. Nf3 c5 2. c4 Nf6 3. g3 g6 4. Bg2 Bg7 5. O-O O-O 6. Nc3 Nc6 7. d4 d6 8. d5
Na5 9. Nd2 a6 10. Qc2 Rb8 11. b3 b5 12. Bb2 Bh6 13. f4 bxc4 14. bxc4 Nh5 15.
Rae1 e5 16. e3 f6 17. Nce4 Nb7 18. Bc3 Bd7 19. Rb1 Qc7 20. Qb2 Rfc8 21. Qb6 Bf8
22. Qxc7 Rxc7 23. fxe5 fxe5 24. Rxf8+ Kxf8 25. Nxd6 Bc8 26. Rf1+ Kg8 27. Nxb7
Rcxb7 28. Bxe5 Rb2 29. Bxb2 Rxb2 30. Nb3 1-0